Clavis Homerica: Sive Lexicon Vocabulorum Omnium, Quae continentur in Homeri Iliade Et potissimâ parte Odysseae. Cum Brevi De Dialectis Appendice. Nec Non Mich. Apostolii Proverbiis Graeco-Latinis. Accessȇ etiam huic postremae Editioni Varia Elogia seu Testimonia De Homero, Ex diversis Auctoribus, tum antiquis, tum neotericis collecta. Hanc præterea editionem pluribus in locis auxit, non pauca emendavit, atque scholis utiliorem reddidit Samuel Patrick, LL. D. et Scholae Cartusianae Subpraeceptor

Podrobná bibliografia
Hlavný autor: Homér, činný 8. stor. pred Kr (Autor)
Korporatívny autor: Nichols, John (Londýn, Veľká Británia) (Tlačiar)
Ďalší autori: Patrick, Samuel, 1684-1748 (Autor komentára k textu), Nichols, John, 1745-1826 (Tlačiar)
Médium: Kniha
Jazyk:latinčina
gréčtina
Fyzický popis:2 nečíslované strany, 412, 36 strán 21 cm‬
Vydavateľské údaje: Londini Impensis J. F. & C. Rivington, J. Pote, C. Bathurst, T. Longman, B. Law, J. Johnson, R. Horsfield, H. Gardner, T. Evans, W. Stuart, J. Fox, S. Hayes, & R. Baldwin. M.DCC.LXXXIV. (1784)
Predmet:

MARC

LEADER 00000nam a2200000 4500
001 vtls012228974
003 SK-MaSNL
005 20260301024347.0
008 230504t1784 xxk r 001 0 lat
015 |a SNBHFA1784 
040 |a SNKHF  |b slo  |c SNK  |e rda 
041 |a lat  |a gre 
044 |a uk  |c GB 
072 7 |a 821.09  |x Literatúra v rôznych jazykoch (o nej)  |2 konspekt 
080 |a 821(37/38)  |2 2001 
100 0 |a Homér,  |d činný 8. stor. pred Kr.  |4 aut  |9 8773 
245 1 0 |a Clavis Homerica: Sive Lexicon Vocabulorum Omnium, Quae continentur in Homeri Iliade Et potissimâ parte Odysseae.  |b Cum Brevi De Dialectis Appendice. Nec Non Mich. Apostolii Proverbiis Graeco-Latinis. Accessȇ etiam huic postremae Editioni Varia Elogia seu Testimonia De Homero, Ex diversis Auctoribus, tum antiquis, tum neotericis collecta. Hanc præterea editionem pluribus in locis auxit, non pauca emendavit, atque scholis utiliorem reddidit Samuel Patrick, LL. D. et Scholae Cartusianae Subpraeceptor 
264 3 |a Londini  |b Ex Officinâ J. Nichols  |c M.DCC.LXXXIV. (1784) 
264 1 |a Londini  |b Impensis J. F. & C. Rivington, J. Pote, C. Bathurst, T. Longman, B. Law, J. Johnson, R. Horsfield, H. Gardner, T. Evans, W. Stuart, J. Fox, S. Hayes, & R. Baldwin.  |c M.DCC.LXXXIV. (1784) 
300 |a 2 nečíslované strany, 412, 36 strán  |c 21 cm‬ 
336 |a text  |b txt  |2 rdacontent 
337 |a bez média  |b n  |2 rdamedia 
338 |a zväzok  |b nc  |2 rdacarier 
500 |a Kustódy, ozdobné linky, ilustrácie, koncová vineta 
546 |a Text striedavo v latinčine a v gréčtine 
563 |a Väzba pôvodná, kožená.  |5 SNK IC 145705 
650 0 7 |a antická literatúra  |2 SNKPH  |9 92203 
700 1 |a Patrick, Samuel,  |d 1684-1748  |4 cwt  |9 318298 
700 1 |a Nichols, John,  |d 1745-1826  |4 prt  |9 318299 
710 0 |a Nichols, John (Londýn, Veľká Británia)  |4 prt  |9 318300 
752 |a Veľká Británia  |d Londýn 
852 |a snk  |b Aponiovská knižnica  |p IC 145705 
958 |a DD 
958 |a ONDV 
999 |c 571011  |d 572941 
952 |t Op. II/235  |a SNK  |b SNK  |c SNK_HF  |y PREZ  |7 0  |p 17A1484710  |o snkIC 145705  |i snk2023/7208  |8 5  |0 0  |1 0  |4 0  |d 2023-05-04  |l 0  |r 2026-02-23 14:14:52  |w 2026-02-23